000 00464nam a2200169Ia 4500
008 240729s9999 xx 000 0 und d
022 _a2617-3255
245 0 _aImage & Text
260 _aSouth Africa
260 _bSchool of the Arts, University of Pretoria
650 _a Arts in general | Fine Arts
650 _a Visual arts
650 _aFine Arts
856 _uhttps://doaj.org/toc/8fd6d97794e44fdab4a4185e09271b31
942 _2ddc
942 _cDOAJEJ
999 _c67895
_d67895
945 _a1
_bMadushi Gamage
_c1
_dMadushi Gamage